[Event "Schachfestival Open-A 2018"]
[Site "Lueneburg"]
[Date "2018.07.12"]
[Round "8"]
[White "Herrmann, Andreas"]
[Black "Popvasilev, Kaloyan"]
[Result "1-0"]
[WhiteElo "2171"]
[BlackElo "2020"]
[Annotator "NA"]
[PlyCount "87"]
[EventDate "2018.07.06"]
[EventType "swiss"]
[EventCountry "GER"]
[SourceTitle "playchess.com"]
[Source "ChessBase"]
[SourceQuality "1"]
[TimeControl "40/5400+30:1800+30"]

1. c4 {[%emt 0:00:00]} e6 {[%emt 0:00:00]} 2. g3 {[%emt 0:00:06]} Nf6 {[%emt 0:00:27]} 3. Bg2 {[%emt 0:00:13]} d5 {[%emt 0:00:31]} 4. Nf3 {[%emt 0:00:15]} dxc4 {[%emt 0:00:16]} 5. Na3 {[%emt 0:01:08]} Bxa3 {[%emt 0:04:12]} 6. bxa3 {[%emt 0:00:07]} O-O {[%emt 0:07:45]} 7. Bb2 {[%emt 0:00:16]} Nbd7 {[%emt 0:01:25]} 8. Rc1 {[%emt 0:06:30]} c5 {[%emt 0:01:19]} 9. Rxc4 {[%emt 0:00:46]} b5 {[%emt 0:00:40]} 10. Rh4 {[%emt 0:04:29]} Bb7 {[%emt 0:26:24]} 11. Qc2 {[%emt 0:07:38]} h6 {[%emt 0:02:48]} 12. O-O {[%emt 0:09:27]} Rb8 {[%emt 0:24:43]} 13. Rd1 {[%emt 0:09:12]} Qc7 {[%emt 0:03:17]} 14. e4 {[%emt 0:13:44]} Rfc8 {[%emt 0:06:49]} 15. d4 {[%emt 0:25:28]} cxd4 {[%emt 0:05:28]} 16. Qxc7 {[%emt 0:00:31]} Rxc7 {[%emt 0:00:03]} 17. Nxd4 {[%emt 0:00:21]} a6 {[%emt 0:04:25]} 18. e5 {[%emt 0:01:19]} Bxg2 {[%emt 0:00:59]} 19. exf6 {[%emt 0:02:36]} Bd5 {[%emt 0:04:31]} 20. fxg7 {[%emt 0:00:31]} Kh7 {[%emt 0:00:04]} 21. Nf5 {[%emt 0:02:56]} f6 {[%emt 0:00:59]} 22. Rxh6+ {[%emt 0:01:43]} Kg8 {[%emt 0:00:03]} 23. Bxf6 {[%emt 0:03:19]} Bf3 {[%emt 0:01:21]} 24. Rh8+ {[%emt 0:07:33]} Kf7 {[%emt 0:00:05]} 25. Rxd7+ {[%emt 0:01:08]} Rxd7 {[%emt 0:00:29]} 26. Nd4 {[%emt 0:00:30]} Kxf6 {[%emt 0:02:58]} 27. Rxb8 {[%emt 0:00:59]} Rxd4 {[%emt 0:00:11]} 28. Rf8+ {[%emt 0:00:08]} Kxg7 {[%emt 0:00:04]} 29. Rxf3 {[%emt 0:00:05]} Rd2 {[%emt 0:00:08]} 30. a4 {[%emt 0:00:46]} bxa4 {[%emt 0:01:54]} 31. Ra3 {[%emt 0:00:21]} Rd4 {[%emt 0:00:05]} 32. Kg2 {[%emt 0:00:15]} Kg6 {[%emt 0:00:26]} 33. Kf3 {[%emt 0:01:17]} Kf5 {[%emt 0:00:18]} 34. h3 {[%emt 0:00:17]} e5 {[%emt 0:00:04]} 35. g4+ {[%emt 0:00:15]} Kg5 {[%emt 0:00:04]} 36. Kg3 {[%emt 0:00:11]} Rb4 {[%emt 0:00:26]} 37. h4+ {[%emt 0:00:22]} Kg6 {[%emt 0:00:03]} 38. h5+ {[%emt 0:00:22]} Kg5 {[%emt 0:00:24]} 39. f3 {[%emt 0:00:13]} Kf6 {[%emt 0:01:51]} 40. Rc3 {[%emt 0:01:09]} Rb2 {[%emt 0:00:51]} 41. Rc6+ {[%emt 0:30:51]} Kg7 {[%emt 0:30:13]} 42. h6+ {[%emt 0:00:41]} Kh7 {[%emt 0:00:04]} 43. g5 {[%emt 0:00:11]} Rxa2 {[%emt 0:00:39]} 44. Rc7+ 1-0

[Event "Schachfestival Open-A 2018"]
[Site "Lueneburg"]
[Date "2018.07.12"]
[Round "8"]
[White "Bogachkova, Alena"]
[Black "Weishaeutel, Moritz"]
[Result "1-0"]
[WhiteElo "2135"]
[BlackElo "2236"]
[Annotator "NA"]
[PlyCount "57"]
[EventDate "2018.07.06"]
[EventType "swiss"]
[EventCountry "GER"]
[SourceTitle "playchess.com"]
[Source "ChessBase"]
[SourceQuality "1"]
[TimeControl "40/5400+30:1800+30"]

1. e4 {[%emt 0:00:09]} e6 {[%emt 0:00:14]} 2. d4 {[%emt 0:00:08]} d5 {[%emt 0:00:17]} 3. Nd2 {[%emt 0:00:06]} Nf6 {[%emt 0:00:17]} 4. e5 {[%emt 0:00:06]} Nfd7 {[%emt 0:00:06]} 5. f4 {[%emt 0:00:04]} c5 {[%emt 0:00:41]} 6. c3 {[%emt 0:00:06]} Nc6 {[%emt 0:01:53]} 7. Ndf3 {[%emt 0:00:12]} Rb8 {[%emt 0:01:36]} 8. Bd3 {[%emt 0:04:05]} b5 {[%emt 0:03:08]} 9. Ne2 {[%emt 0:17:21]} Qb6 {[%emt 0:02:14]} 10. O-O {[%emt 0:06:01]} b4 {[%emt 0:05:44]} 11. Kh1 {[%emt 0:00:47]} Be7 {[%emt 0:13:10]} 12. f5 {[%emt 0:01:26]} Ba6 {[%emt 0:03:18]} 13. fxe6 {[%emt 0:00:48]} fxe6 {[%emt 0:00:09]} 14. Ng5 {[%emt 0:15:15]} Bxd3 {[%emt 0:08:49]} 15. Qxd3 {[%emt 0:00:23]} Rf8 {[%emt 0:08:20]} 16. Be3 {[%emt 0:18:04]} Rxf1+ {[%emt 0:16:17]} 17. Rxf1 {[%emt 0:00:07]} Nf8 {[%emt 0:00:20]} 18. Nxh7 {[%emt 0:03:18]} Nxh7 {[%emt 0:00:23]} 19. Qxh7 {[%emt 0:00:11]} bxc3 {[%emt 0:02:26]} 20. bxc3 {[%emt 0:00:04]} Qb2 {[%emt 0:02:09]} 21. Nf4 {[%emt 0:01:44]} Kd7 {[%emt 0:05:26]} 22. Nxe6 {[%emt 0:08:25]} Qe2 {[%emt 0:08:09]} 23. Qf5 {[%emt 0:01:22]} Qxe3 {[%emt 0:01:24]} 24. Nxc5+ {[%emt 0:02:05]} Kc7 {[%emt 0:00:06]} 25. Qd7+ {[%emt 0:00:36]} Kb6 {[%emt 0:00:03]} 26. Rb1+ {[%emt 0:00:50]} Ka5 {[%emt 0:00:08]} 27. Nb7+ {[%emt 0:01:15]} Rxb7 {[%emt 0:00:19]} 28. Qxb7 {[%emt 0:00:05]} Qd3 {[%emt 0:00:40]} 29. Qc7+ {[%emt 0:00:09]} 1-0

[Event "Schachfestival Open-A 2018"]
[Site "Lueneburg"]
[Date "2018.07.12"]
[Round "8"]
[White "Marzik, Hans"]
[Black "De La Torre Fajardo, Felix"]
[Result "1-0"]
[WhiteElo "2121"]
[BlackElo "1534"]
[Annotator "NA"]
[PlyCount "75"]
[EventDate "2018.07.06"]
[EventType "swiss"]
[EventCountry "GER"]
[SourceTitle "playchess.com"]
[Source "ChessBase"]
[SourceQuality "1"]
[TimeControl "40/5400+30:1800+30"]

1. d4 {[%emt 0:00:04]} Nf6 {[%emt 0:00:00]} 2. c4 {[%emt 0:00:03]} c5 {[%emt 0:00:00]} 3. Nf3 {[%emt 0:00:04]} cxd4 {[%emt 0:01:30]} 4. Nxd4 {[%emt 0:00:03]} e5 {[%emt 0:03:42]} 5. Nb5 {[%emt 0:00:05]} Qb6 {[%emt 0:08:14]} 6. Be3 {[%emt 0:06:22]} Bc5 {[%emt 0:00:08]} 7. Bxc5 Qxc5 8. Nd6+ {[%emt 0:02:22]} Ke7 {[%emt 0:00:36]} 9. Nf5+ {[%emt 0:00:54]} Kf8 {[%emt 0:00:46]} 10. Ne3 {[%emt 0:06:07]} b6 {[%emt 0:10:47]} 11. Nc3 {[%emt 0:00:47]} Bb7 {[%emt 0:02:32]} 12. a3 {[%emt 0:00:21]} Nc6 {[%emt 0:06:53]} 13. b4 {[%emt 0:09:20]} Nxb4 {[%emt 0:09:47]} 14. axb4 {[%emt 0:00:25]} Qxb4 {[%emt 0:00:02]} 15. Qd2 {[%emt 0:00:34]} g6 {[%emt 0:09:02]} 16. Rb1 {[%emt 0:02:15]} Qc5 {[%emt 0:03:47]} 17. Ned5 {[%emt 0:13:59]} Nxd5 {[%emt 0:01:01]} 18. Nxd5 {[%emt 0:03:20]} Bxd5 {[%emt 0:04:30]} 19. Qxd5 {[%emt 0:01:11]} Qxd5 {[%emt 0:00:05]} 20. cxd5 {[%emt 0:00:02]} f5 {[%emt 0:02:00]} 21. e3 {[%emt 0:05:30]} Rc8 {[%emt 0:01:12]} 22. Ba6 {[%emt 0:01:32]} Rc5 {[%emt 0:00:53]} 23. Rd1 {[%emt 0:00:44]} Ke7 {[%emt 0:01:14]} 24. f3 {[%emt 0:03:47]} Ra5 {[%emt 0:05:05]} 25. d6+ {[%emt 0:02:06]} Kf6 {[%emt 0:00:44]} 26. Bc4 {[%emt 0:01:17]} Rc8 {[%emt 0:00:12]} 27. Bd5 {[%emt 0:00:19]} Rc2 {[%emt 0:01:55]} 28. O-O {[%emt 0:01:18]} e4 {[%emt 0:04:27]} 29. fxe4 {[%emt 0:07:11]} Ke5 {[%emt 0:00:03]} 30. Bg8 {[%emt 0:00:36]} Kxe4 {[%emt 0:01:04]} 31. Rf2 {[%emt 0:01:01]} Rc3 {[%emt 0:02:18]} 32. Bxh7 {[%emt 0:01:09]} g5 {[%emt 0:00:58]} 33. g4 {[%emt 0:00:12]} Kxe3 {[%emt 0:08:58]} 34. Bxf5 {[%emt 0:00:14]} b5 {[%emt 0:00:53]} 35. Kg2 {[%emt 0:00:22]} Raa3 {[%emt 0:01:08]} 36. Bxd7 {[%emt 0:00:19]} b4 {[%emt 0:00:18]} 37. Bf5 {[%emt 0:00:06]} b3 {[%emt 0:00:37]} 38. d7 {[%emt 0:00:09]} 1-0

[Event "Schachfestival Open-A 2018"]
[Site "Lueneburg"]
[Date "2018.07.12"]
[Round "8"]
[White "Stork, Oliver"]
[Black "Karpatchev, Aleksandr"]
[Result "1-0"]
[WhiteElo "2111"]
[BlackElo "2469"]
[Annotator "TA"]
[PlyCount "103"]
[EventDate "2018.07.06"]
[EventType "swiss"]
[EventCountry "GER"]
[SourceTitle "playchess.com"]
[Source "ChessBase"]
[SourceQuality "1"]

{[%evp 14,103,22,18,25,14,32,0,0,0,9,9,26,-29,-22,-30,-22,-16,0,-47,0,-54,-46,-52,-50,-116,-17,-14,-8,-14,0,-73,0,-20,0,0,0,0,0,0,0,0,0,-206,-206,-204,-206,-205,-198,-195,-198,-197,-202,-197,-185,-196,-195,-278,-286,-256,7,0,8,0,9,10,10,9,10,10,11,12,15,0,33,33,39,39,484,489,493,444,416,431,401,368,4133,1894,5181,5065,29968,12660]} 1. c4 e5 2. g3 c6 3. Nf3 e4 4. Nd4 {[%cal Bf3d4,Bd4c2,Bc2e3][%mdl 32]} d5 5. cxd5 Qxd5 6. Nc2 {A20: English Opening: 1...e5} Nf6 7. Nc3 Qh5 8. Ne3 {LiveBook: 8 Games. The position is equal.} Bb4 (8... Bc5 9. Qc2 Qe5 10. Bg2 Bxe3 11. fxe3 Bf5 12. b4 O-O 13. Bb2 {1-0 (41) Aronian,L (2801)-Papaioannou,I (2652) Heraklio 2017}) 9. Qc2 $146 ({Predecessor:} 9. Bg2 Bxc3 10. bxc3 O-O 11. f3 exf3 12. Bxf3 Qg6 13. O-O {½-½ (73) Heinert,E (2151)-Zude,A (2398) Apolda 2017}) 9... Bxc3 10. Qxc3 O-O 11. b3 Nd5 12. Qd4 Nxe3 13. Qxe3 (13. fxe3 $142 Nd7 14. Bb2) 13... Re8 $11 14. Bb2 f6 15. Bg2 Na6 16. O-O Nb4 {Hoping for ...Nc2.} 17. Rac1 (17. Qd4 $11 c5 18. Qc4+ Be6 19. Qb5) 17... Nd5 $15 18. Qd4 Bh3 19. Qc4 (19. Bxh3 $15 Qxh3 20. e3) 19... Kh8 (19... b5 $1 $17 {[%cal Rb5c4]} 20. Qxc6 Nf4 21. Bxh3 (21. gxf4 Qg4 22. Qd5+ Kh8 23. Qg5 fxg5 24. Bxg7+ Kg8 25. fxg5 Qxg2#) (21. Bxe4 $2 Nxe2+ 22. Kh1 Nxc1 $19) 21... Nxe2+ 22. Kh1 Qxh3 23. Qxb5 Nxc1 24. Rxc1 Rab8 25. Qc4+ Kh8) 20. Bxh3 $11 Qxh3 21. e3 Rad8 22. Rcd1 (22. Rfd1 $1 $11 {keeps the balance.}) 22... Qh5 ({Black should try} 22... h5 $17) 23. d3 Nc7 {[%cal Bd5c7,Bc7e6,Be6g5,Bg5f3][%mdl 32]} 24. Qc2 Ne6 $40 {[%mdl 128] Black mounts an attack.} 25. dxe4 Ng5 26. h4 Nf3+ 27. Kg2 Qg4 28. Rxd8 $2 (28. Rh1 $1 $11) 28... Nxh4+ $1 $19 (28... Rxd8 29. Rh1 $11) 29. Kh2 {[%cal Rd8e8]} Nf3+ (29... Rxd8 30. gxh4 Qxh4+ 31. Kg2 $11) 30. Kg2 {[%cal Rd8e8]} Rxd8 31. e5 Ng5 {( -> ...Qh3+)} ({Resist} 31... fxe5 32. Qc4 $17) ({Stronger than} 31... Rd2 32. Qc5 $11) 32. f3 Qh3+ 33. Kg1 Qxg3+ 34. Qg2 Qh4 35. exf6 (35. Bc3 $142) 35... Nh3+ 36. Kh1 {[%csl Gb2,Gf6][%cal Rg2g7]} Nf4+ $2 ({Weaker is} 36... gxf6 37. Bxf6+ Qxf6 38. Qxh3 $11) (36... Nf2+ $1 $19 37. Kg1 gxf6 38. Rxf2 Rg8) 37. Qh2 $11 Qxh2+ 38. Kxh2 {[%mdl 4096] Endgame KRB-KRN} Rd2+ 39. Kg3 $1 {[%cal Rg3f4]} Nh5+ 40. Kg4 {f7 is the strong threat.} Nxf6+ 41. Bxf6 gxf6 {KR-KR} 42. Kf5 Kg7 43. Ke6 Rg2 44. e4 {[%cal Be3e4,Be4e5,Be5e6,Be6e7][%mdl 1056] White has compensation.} h5 45. f4 Rg4 $2 {[%mdl 8192]} (45... c5 $1 $14) 46. Ke7 $1 $18 h4 47. e5 f5 48. e6 $1 h3 {[#] And now ...h2 would win.} 49. Kd8 $1 Rg2 $2 {[#]} (49... h2) 50. Rd1 $1 h2 51. e7 Rg1 52. Rd7 {Precision: White = 58%, Black = 34%.} 1-0

[Event "Schachfestival Open-A 2018"]
[Site "Lueneburg"]
[Date "2018.07.12"]
[Round "8"]
[White "Wagner, Benjamin"]
[Black "Bente, Bjoern"]
[Result "1/2-1/2"]
[WhiteElo "2111"]
[BlackElo "2219"]
[Annotator "NA"]
[PlyCount "42"]
[EventDate "2018.07.06"]
[EventType "swiss"]
[EventCountry "GER"]
[SourceTitle "playchess.com"]
[Source "ChessBase"]
[SourceQuality "1"]
[TimeControl "40/5400+30:1800+30"]

1. e4 {[%emt 0:00:00]} e6 {[%emt 0:00:00]} 2. d4 {[%emt 0:00:00]} d5 {[%emt 0:00:00]} 3. Nc3 {[%emt 0:00:00]} Bb4 {[%emt 0:00:00]} 4. e5 {[%emt 0:00:00]} b6 {[%emt 0:00:00]} 5. Qg4 {[%emt 0:05:11]} Bf8 {[%emt 0:01:31]} 6. Nf3 {[%emt 0:01:56]} Ne7 {[%emt 0:02:43]} 7. Bg5 {[%emt 0:03:09]} Ba6 {[%emt 0:00:17]} 8. Bxa6 {[%emt 0:02:41]} Nxa6 {[%emt 0:00:06]} 9. O-O {[%emt 0:00:39]} h6 {[%emt 0:01:22]} 10. Be3 {[%emt 0:03:29]} Nf5 {[%emt 0:00:18]} 11. Ne2 {[%emt 0:04:33]} Nb4 {[%emt 0:09:04]} 12. Ne1 {[%emt 0:02:24]} c5 {[%emt 0:05:23]} 13. c3 {[%emt 0:01:55]} Nc6 {[%emt 0:00:44]} 14. Ng3 {[%emt 0:06:07]} g6 {[%emt 0:06:07]} 15. Nxf5 {[%emt 0:13:59]} gxf5 {[%emt 0:00:15]} 16. Qd1 {[%emt 0:01:00]} Qd7 {[%emt 0:03:14]} 17. Nd3 {[%emt 0:00:57]} c4 {[%emt 0:00:07]} 18. Nf4 {[%emt 0:00:37]} O-O-O {[%emt 0:00:16]} 19. Nh5 {[%emt 0:09:37]} Be7 {[%emt 0:00:37]} 20. b3 {[%emt 0:05:31]} Na5 {[%emt 0:00:06]} 21. b4 {[%emt 0:00:33]} Nc6 {[%emt 0:00:47]} 1/2-1/2

[Event "Schachfestival Open-A 2018"]
[Site "Lueneburg"]
[Date "2018.07.12"]
[Round "8"]
[White "Kiesel, Harald"]
[Black "Ramme, Christoph"]
[Result "1/2-1/2"]
[WhiteElo "2096"]
[BlackElo "2158"]
[Annotator "NA"]
[PlyCount "42"]
[EventDate "2018.07.06"]
[EventType "swiss"]
[EventCountry "GER"]
[SourceTitle "playchess.com"]
[Source "ChessBase"]
[SourceQuality "1"]
[TimeControl "40/5400+30:1800+30"]

1. e4 {[%emt 0:00:00]} e5 {[%emt 0:00:10]} 2. Nf3 {[%emt 0:00:00]} Nc6 {[%emt 0:00:06]} 3. Bb5 {[%emt 0:00:07]} Nf6 {[%emt 0:00:43]} 4. O-O {[%emt 0:00:48]} Nxe4 {[%emt 0:00:26]} 5. d4 {[%emt 0:00:27]} Nd6 {[%emt 0:00:27]} 6. Bxc6 {[%emt 0:00:15]} dxc6 {[%emt 0:00:11]} 7. dxe5 {[%emt 0:00:09]} Nf5 {[%emt 0:00:14]} 8. Qxd8+ {[%emt 0:00:07]} Kxd8 {[%emt 0:00:03]} 9. Nc3 {[%emt 0:03:43]} h6 {[%emt 0:03:44]} 10. h3 {[%emt 0:03:59]} Ne7 {[%emt 0:10:17]} 11. Be3 {[%emt 0:08:23]} Ng6 {[%emt 0:02:14]} 12. Rad1+ {[%emt 0:00:40]} Ke8 {[%emt 0:00:31]} 13. a3 {[%emt 0:03:06]} Be7 {[%emt 0:12:38]} 14. Rd2 {[%emt 0:02:33]} Be6 {[%emt 0:11:08]} 15. Rfd1 {[%emt 0:00:28]} a6 {[%emt 0:03:22]} 16. Kh2 {[%emt 0:09:35]} h5 {[%emt 0:02:06]} 17. Re1 {[%emt 0:06:19]} Rd8 {[%emt 0:01:30]} 18. Rxd8+ {[%emt 0:07:12]} Kxd8 {[%emt 0:01:07]} 19. Bg5 {[%emt 0:01:26]} b6 {[%emt 0:07:31]} 20. Bxe7+ {[%emt 0:05:19]} Kxe7 {[%emt 0:00:41]} 21. Nd4 {[%emt 0:06:59]} Ke8 1/2-1/2

[Event "Schachfestival Open-A 2018"]
[Site "Lueneburg"]
[Date "2018.07.12"]
[Round "8"]
[White "Hesse, Henrik"]
[Black "Harringer, Manfred"]
[Result "1/2-1/2"]
[WhiteElo "2057"]
[BlackElo "1998"]
[Annotator "NA"]
[PlyCount "114"]
[EventDate "2018.07.06"]
[EventType "swiss"]
[EventCountry "GER"]
[SourceTitle "playchess.com"]
[Source "ChessBase"]
[SourceQuality "1"]
[TimeControl "40/5400+30:1800+30"]

1. c4 {[%emt 0:00:00]} Nf6 {[%emt 0:00:00]} 2. Nc3 {[%emt 0:00:57]} e6 {[%emt 0:00:33]} 3. e4 {[%emt 0:01:39]} c5 {[%emt 0:01:38]} 4. e5 {[%emt 0:07:15]} Ng8 {[%emt 0:00:07]} 5. Ne4 {[%emt 0:12:48]} d5 {[%emt 0:02:59]} 6. exd6 {[%emt 0:00:30]} Bxd6 {[%emt 0:00:36]} 7. Nxd6+ {[%emt 0:17:20]} Qxd6 {[%emt 0:00:07]} 8. Qg4 {[%emt 0:00:07]} Qe5+ {[%emt 0:04:44]} 9. Be2 {[%emt 0:03:10]} Nc6 {[%emt 0:09:43]} 10. Nf3 {[%emt 0:00:57]} Qf6 {[%emt 0:00:12]} 11. O-O {[%emt 0:10:23]} Nge7 {[%emt 0:18:28]} 12. d3 {[%emt 0:12:19]} Nf5 {[%emt 0:13:11]} 13. Be3 {[%emt 0:00:42]} h5 {[%emt 0:16:37]} 14. Qf4 {[%emt 0:05:26]} Nfd4 {[%emt 0:02:19]} 15. Nxd4 {[%emt 0:01:25]} Nxd4 {[%emt 0:00:08]} 16. Bd1 {[%emt 0:00:36]} Qxf4 {[%emt 0:00:58]} 17. Bxf4 {[%emt 0:00:01]} Ke7 {[%emt 0:00:18]} 18. Be5 {[%emt 0:11:11]} f6 {[%emt 0:04:30]} 19. Bxd4 {[%emt 0:00:01]} cxd4 {[%emt 0:00:09]} 20. Bf3 {[%emt 0:00:09]} Bd7 {[%emt 0:01:51]} 21. Bxb7 {[%emt 0:07:23]} Rab8 {[%emt 0:00:20]} 22. Bf3 {[%emt 0:00:16]} Rxb2 {[%emt 0:00:34]} 23. Rfb1 {[%emt 0:00:43]} Rhb8 {[%emt 0:00:46]} 24. Rxb2 {[%emt 0:00:02]} Rxb2 {[%emt 0:00:07]} 25. Rc1 {[%emt 0:01:57]} Rxa2 {[%emt 0:06:33]} 26. c5 Bc8 {[%emt 0:02:01]} 27. h4 {[%emt 0:02:00]} Kd8 {[%emt 0:02:34]} 28. Bxh5 {[%emt 0:00:56]} Ra3 {[%emt 0:01:03]} 29. Be2 {[%emt 0:01:57]} Rc3 {[%emt 0:01:41]} 30. Ra1 {[%emt 0:00:58]} Rxc5 {[%emt 0:00:43]} 31. Rxa7 {[%emt 0:00:05]} Rc1+ {[%emt 0:00:41]} 32. Kh2 {[%emt 0:00:12]} Bd7 {[%emt 0:01:34]} 33. Ra8+ {[%emt 0:01:21]} Rc8 {[%emt 0:00:35]} 34. Ra7 {[%emt 0:00:18]} Rc7 {[%emt 0:00:06]} 35. Ra8+ {[%emt 0:00:05]} Rc8 {[%emt 0:00:10]} 36. Rxc8+ {[%emt 0:01:27]} Bxc8 {[%emt 0:00:12]} 37. f4 {[%emt 0:00:06]} Ke7 {[%emt 0:01:35]} 38. g4 {[%emt 0:00:07]} Kd6 {[%emt 0:01:55]} 39. Kg3 {[%emt 0:00:13]} e5 {[%emt 0:00:26]} 40. Bf3 {[%emt 0:02:03]} Ba6 {[%emt 0:02:17]} 41. Be4 {[%emt 0:30:15]} Ke6 {[%emt 0:30:32]} 42. f5+ {[%emt 0:00:00]} Ke7 {[%emt 0:00:00]} 43. Kf2 {[%emt 0:00:00]} Kf8 {[%emt 0:00:00]} 44. Ke2 {[%emt 0:00:00]} Kg8 {[%emt 0:00:00]} 45. Kd2 {[%emt 0:00:00]} Bb5 {[%emt 0:00:00]} 46. Kc2 {[%emt 0:00:00]} Bd7 {[%emt 0:00:00]} 47. Kb3 {[%emt 0:00:00]} g6 {[%emt 0:00:00]} 48. Kb4 {[%emt 0:00:00]} gxf5 {[%emt 0:00:00]} 49. gxf5 {[%emt 0:00:00]} Kg7 {[%emt 0:00:00]} 50. Kc5 {[%emt 0:00:00]} Ba4 {[%emt 0:00:00]} 51. Bf3 {[%emt 0:00:00]} Bc2 {[%emt 0:00:00]} 52. Be2 {[%emt 0:00:00]} Kh6 {[%emt 0:00:00]} 53. Kd5 {[%emt 0:00:00]} Kg7 {[%emt 0:00:00]} 54. h5 {[%emt 0:00:00]} Kh6 {[%emt 0:00:00]} 55. Ke6 {[%emt 0:00:00]} e4 {[%emt 0:00:00]} 56. dxe4 {[%emt 0:00:00]} Bxe4 {[%emt 0:00:00]} 57. Kxf6 {[%emt 0:00:00]} Bxf5 {[%emt 0:00:00]} 1/2-1/2

[Event "Schachfestival Open-A 2018"]
[Site "Lueneburg"]
[Date "2018.07.12"]
[Round "8"]
[White "Haerig, Wilfried"]
[Black "Puschendorf, Steffen"]
[Result "1-0"]
[WhiteElo "2022"]
[BlackElo "2153"]
[Annotator "NA"]
[PlyCount "117"]
[EventDate "2018.07.06"]
[EventType "swiss"]
[EventCountry "GER"]
[SourceTitle "playchess.com"]
[Source "ChessBase"]
[SourceQuality "1"]
[TimeControl "40/5400+30:1800+30"]

1. e4 {[%emt 0:00:00]} e6 {[%emt 0:00:00]} 2. d4 {[%emt 0:00:00]} d5 {[%emt 0:00:00]} 3. Nc3 {[%emt 0:00:00]} Bb4 {[%emt 0:00:00]} 4. e5 {[%emt 0:00:14]} c5 {[%emt 0:00:00]} 5. a3 {[%emt 0:00:05]} Bxc3+ {[%emt 0:00:00]} 6. bxc3 {[%emt 0:00:04]} Ne7 {[%emt 0:00:01]} 7. Qg4 {[%emt 0:00:26]} O-O {[%emt 0:00:08]} 8. Bd3 {[%emt 0:00:28]} f5 {[%emt 0:00:12]} 9. exf6 {[%emt 0:00:16]} Rxf6 {[%emt 0:00:02]} 10. Bg5 {[%emt 0:00:15]} Rf7 {[%emt 0:00:09]} 11. Qh5 {[%emt 0:00:21]} g6 {[%emt 0:00:09]} 12. Qd1 {[%emt 0:00:55]} Nbc6 {[%emt 0:00:48]} 13. Nf3 {[%emt 0:02:32]} Qf8 {[%emt 0:01:24]} 14. O-O {[%emt 0:00:59]} c4 {[%emt 0:00:37]} 15. Be2 {[%emt 0:00:26]} h6 {[%emt 0:01:26]} 16. Bc1 {[%emt 0:03:12]} Qg7 {[%emt 0:02:27]} 17. Qd2 {[%emt 0:02:42]} Kh7 {[%emt 0:01:16]} 18. a4 {[%emt 0:02:48]} g5 {[%emt 0:02:11]} 19. Ba3 {[%emt 0:03:11]} Nf5 {[%emt 0:13:22]} 20. Rab1 {[%emt 0:07:02]} b6 {[%emt 0:03:04]} 21. a5 {[%emt 0:08:36]} g4 {[%emt 0:08:01]} 22. Ne5 {[%emt 0:02:15]} Nxe5 {[%emt 0:00:39]} 23. dxe5 {[%emt 0:00:08]} Bd7 {[%emt 0:01:23]} 24. axb6 {[%emt 0:13:49]} axb6 {[%emt 0:00:09]} 25. Bd6 {[%emt 0:00:17]} b5 {[%emt 0:02:25]} 26. Bc5 {[%emt 0:01:54]} Rg8 {[%emt 0:08:12]} 27. Bd4 {[%emt 0:03:33]} Nh4 {[%emt 0:08:04]} 28. Kh1 {[%emt 0:04:32]} Be8 {[%emt 0:13:48]} 29. Ra1 {[%emt 0:01:13]} Qg6 {[%emt 0:06:58]} 30. Qe3 {[%emt 0:10:14]} Rf5 {[%emt 0:06:42]} 31. Ra7+ {[%emt 0:01:56]} Rg7 {[%emt 0:02:46]} 32. Rxg7+ {[%emt 0:04:00]} Qxg7 {[%emt 0:00:30]} 33. Qg3 {[%emt 0:00:29]} Ng6 {[%emt 0:02:56]} 34. Bxg4 {[%emt 0:03:32]} Rf4 {[%emt 0:04:26]} 35. Bxe6 {[%emt 0:01:29]} Bf7 {[%emt 0:01:53]} 36. Be3 {[%emt 0:05:42]} Re4 {[%emt 0:01:17]} 37. Bf5 {[%emt 0:00:32]} Qxe5 {[%emt 0:01:58]} 38. Bxe4 {[%emt 0:00:15]} Qxe4 {[%emt 0:00:22]} 39. Qf3 {[%emt 0:08:15]} Qxf3 {[%emt 0:01:11]} 40. gxf3 {[%emt 0:00:05]} Nh4 {[%emt 0:00:33]} 41. Ra1 {[%emt 0:34:20]} Bh5 {[%emt 0:31:56]} 42. Ra7+ {[%emt 0:03:18]} Kg6 {[%emt 0:00:14]} 43. Ra6+ {[%emt 0:00:43]} Kf5 {[%emt 0:00:08]} 44. Rxh6 {[%emt 0:00:22]} Bxf3+ {[%emt 0:00:09]} 45. Kg1 {[%emt 0:00:04]} Ng6 {[%emt 0:03:00]} 46. h4 {[%emt 0:00:00]} Ne5 {[%emt 0:00:00]} 47. Bd4 {[%emt 0:00:00]} Ng4 {[%emt 0:00:00]} 48. Rb6 {[%emt 0:00:00]} Kf4 {[%emt 0:00:00]} 49. Rxb5 {[%emt 0:00:00]} Ne5 {[%emt 0:00:00]} 50. Bxe5+ {[%emt 0:00:00]} Kxe5 {[%emt 0:00:00]} 51. Rb8 {[%emt 0:00:00]} Bd1 {[%emt 0:00:00]} 52. Rf8 {[%emt 0:00:00]} Bxc2 {[%emt 0:00:00]} 53. h5 {[%emt 0:00:00]} Bf5 {[%emt 0:00:00]} 54. h6 {[%emt 0:00:00]} Bg6 {[%emt 0:00:00]} 55. f4+ {[%emt 0:00:00]} Ke4 {[%emt 0:00:00]} 56. f5 {[%emt 0:00:00]} Bh7 {[%emt 0:00:00]} 57. Rf7 {[%emt 0:00:00]} d4 {[%emt 0:00:00]} 58. cxd4 {[%emt 0:00:00]} Bg8 {[%emt 0:00:00]} 59. Rg7 {[%emt 0:00:00]} 1-0

[Event "Schachfestival Open-A 2018"]
[Site "Lueneburg"]
[Date "2018.07.12"]
[Round "8"]
[White "Ploder, Udo"]
[Black "Boehm, Juergen"]
[Result "1/2-1/2"]
[WhiteElo "1874"]
[BlackElo "2233"]
[Annotator "NA"]
[PlyCount "60"]
[EventDate "2018.07.06"]
[EventType "swiss"]
[EventCountry "GER"]
[SourceTitle "playchess.com"]
[Source "ChessBase"]
[SourceQuality "1"]
[TimeControl "40/5400+30:1800+30"]

1. e4 {[%emt 0:00:00]} e5 {[%emt 0:00:00]} 2. f4 {[%emt 0:00:03]} exf4 {[%emt 0:00:19]} 3. Nf3 {[%emt 0:00:11]} Ne7 {[%emt 0:00:17]} 4. d4 {[%emt 0:01:00]} d5 {[%emt 0:00:18]} 5. Nc3 {[%emt 0:01:36]} dxe4 {[%emt 0:01:14]} 6. Nxe4 {[%emt 0:00:36]} Nd5 {[%emt 0:00:27]} 7. Bd3 {[%emt 0:04:14]} Be7 {[%emt 0:02:50]} 8. O-O {[%emt 0:00:53]} O-O {[%emt 0:09:57]} 9. Ne5 {[%emt 0:14:45]} Nd7 {[%emt 0:23:44]} 10. Nxd7 {[%emt 0:08:02]} Qxd7 {[%emt 0:03:43]} 11. Qf3 {[%emt 0:07:43]} Nb4 {[%emt 0:13:46]} 12. Bxf4 {[%emt 0:13:48]} Qxd4+ {[%emt 0:03:42]} 13. Be3 {[%emt 0:00:16]} Qe5 {[%emt 0:03:10]} 14. Bf4 {[%emt 0:01:59]} Qd4+ {[%emt 0:01:34]} 15. Be3 {[%emt 0:00:24]} Qe5 {[%emt 0:00:08]} 16. Bf4 {[%emt 0:00:18]} Qa5 {[%emt 0:00:14]} 17. Qg3 {[%emt 0:03:35]} Nxd3 {[%emt 0:05:04]} 18. Bxc7 {[%emt 0:01:20]} Qd5 {[%emt 0:01:43]} 19. cxd3 {[%emt 0:00:47]} Be6 {[%emt 0:01:18]} 20. Nc3 {[%emt 0:01:15]} Qg5 {[%emt 0:02:38]} 21. d4 {[%emt 0:01:38]} Qxg3 {[%emt 0:01:24]} 22. Bxg3 {[%emt 0:00:07]} Rfd8 {[%emt 0:01:13]} 23. Rad1 {[%emt 0:00:59]} Bc4 {[%emt 0:07:21]} 24. Rfe1 {[%emt 0:01:11]} Bf6 {[%emt 0:00:10]} 25. Be5 {[%emt 0:00:33]} Bxe5 {[%emt 0:02:16]} 26. Rxe5 {[%emt 0:00:26]} Rd7 {[%emt 0:06:59]} 27. b3 {[%emt 0:01:02]} f6 {[%emt 0:00:34]} 28. Re3 {[%emt 0:04:12]} Bf7 {[%emt 0:00:16]} 29. d5 {[%emt 0:01:16]} Rad8 {[%emt 0:00:40]} 30. Red3 {[%emt 0:01:53]} Kf8 {[%emt 0:04:03]} 1/2-1/2